| 000 | 00436 a2200157 4500 | ||
|---|---|---|---|
| 020 | _a0137194854 | ||
| 022 | _a9780137194858 | ||
| 082 | _a658.15 | ||
| 090 |
_c2525 _d2525 |
||
| 100 | _aGallagher,Timothy J. | ||
| 245 |
_aFinancial Management _bPrinciples and Practice _cTimothy J.Gallagher |
||
| 260 |
_aNew Jersey _bPrentice-Hall International,Inc. _c1997 |
||
| 300 | _a523p | ||
| 500 | _aPaper cover | ||
| 942 |
_aNBS _cBK _k658.15 GAL |
||
| 999 |
_c345020 _d345020 |
||